[Event "Titled Tuesday intern op 27th Feb Late"]
[Site "Chess.com INT"]
[Date "2024.02.27"]
[Round "1"]
[White "Ambartsumova, Karina"]
[Black "Mazzilli, Piero"]
[Result "1-0"]
[WhiteElo "2418"]
[BlackElo "2311"]
[PlyCount "87"]
[EventDate "2024.02.27"]
[EventType "swiss (blitz)"]
[EventRounds "11"]
[EventCountry "USA"]
[SourceTitle "CB10_2024"]
[SourceDate "2024.03.06"]
[SourceVersion "1"]
[SourceVersionDate "2024.03.06"]
[SourceQuality "1"]

1. d4 d5 2. c4 e6 3. Nc3 c6 4. e3 f5 5. Nf3 Nf6 6. Qb3 Nbd7 7. g3 Bd6 8. Bg2 0-0 9. 0-0 Kh8 10. Qc2 Ne4 11. Nd2 Qg5 12. Ndxe4 fxe4 13. f3 exf3 14. Bxf3 Nf6 15. e4 Qg6 16. Qg2 e5 17. dxe5 Bxe5 18. exd5 Bxc3 19. bxc3 cxd5 20. cxd5 Bf5 21. Bf4 Rad8 22. d6 b6 23. Rad1 Rd7 24. Rfe1 Rfd8 25. Bc6 Rf7 26. Bd5 Rfd7 27. Be6 Bxe6 28. Rxe6 Qg4 29. Rde1 h6 30. Re7 Qf5 31. Rxd7 Rxd7 32. Qc6 Nd5 33. Be5 Rf7 34. Bd4 Nf6 35. Rf1 Qe6 36. Bxf6 Rxf6 37. Rxf6 Qxf6 38. Qe8+ Kh7 39. d7 Qxc3 40. d8Q Qc1+ 41. Kf2 Qc2+ 42. Qe2 Qf5+ 43. Kg2 Qd5+ 44. Qxd5 1-0

[Event "Titled Tuesday intern op 13th Feb Early"]
[Site "Chess.com INT"]
[Date "2024.02.13"]
[Round "1"]
[White "Mazzilli, Piero"]
[Black "Kosteniuk, Alexandra"]
[Result "0-1"]
[WhiteElo "2311"]
[BlackElo "2501"]
[PlyCount "90"]
[EventDate "2024.02.13"]
[EventType "swiss (blitz)"]
[EventRounds "11"]
[EventCountry "USA"]
[SourceTitle "CB08_2024"]
[SourceDate "2024.02.21"]
[SourceVersion "1"]
[SourceVersionDate "2024.02.21"]
[SourceQuality "1"]

1. e4 c6 2. c4 e5 3. Nf3 d6 4. Nc3 Nf6 5. d4 Qc7 6. Be2 Be7 7. 0-0 0-0 8. Qc2 Bg4 9. Rd1 Nbd7 10. Be3 Rfe8 11. Rac1 Bf8 12. d5 c5 13. Ne1 Bxe2 14. Nxe2 a6 15. f3 g6 16. Nd3 Bg7 17. b4 b6 18. Rb1 Reb8 19. Rb2 h6 20. Rdb1 g5 21. g4 Nf8 22. bxc5 dxc5 23. Ng3 Ng6 24. Nf5 Bf8 25. Qc3 Nd7 26. a4 Rb7 27. a5 Rab8 28. axb6 Rxb6 29. Qa3 Rxb2 30. Rxb2 Rxb2 31. Qxb2 Nf4 32. Bxf4 gxf4 33. Kg2 f6 34. h4 Qb6 35. Qxb6 Nxb6 36. Nb2 a5 37. d6 Kf7 38. Kf2 Ke6 39. Ke2 a4 40. Nxa4 Nxa4 41. g5 fxg5 42. d7 Kxd7 43. hxg5 hxg5 44. Kf2 Nb2 45. Kg2 Nxc4 0-1

[Event "Titled Tuesday intern op 28th Mar Late"]
[Site "Chess.com INT"]
[Date "2023.03.28"]
[Round "2"]
[White "Donskov, Anatoly"]
[Black "Mazzilli, Piero"]
[Result "1-0"]
[WhiteElo "2279"]
[BlackElo "2285"]
[PlyCount "93"]
[EventDate "2023.03.28"]
[EventType "swiss (blitz)"]
[EventRounds "11"]
[EventCountry "USA"]
[SourceTitle "EXT 2024"]
[Source "ChessBase"]
[SourceDate "2023.10.10"]
[SourceVersion "1"]
[SourceVersionDate "2023.10.10"]
[SourceQuality "1"]

1. e4 c5 2. Nf3 d6 3. d4 cxd4 4. Nxd4 Nf6 5. Nc3 a6 6. Rg1 e5 7. Nb3 b5 8. g4 Bb7 9. Bg2 h6 10. h4 Nbd7 11. g5 hxg5 12. hxg5 Nh5 13. Be3 Be7 14. Qd2 Rc8 15. 0-0-0 Nf4 16. Bf3 b4 17. Nd5 Nxd5 18. exd5 a5 19. Kb1 Qc7 20. Be4 a4 21. Nc1 Nc5 22. Bf5 Rb8 23. g6 f6 24. f4 Ba6 25. fxe5 fxe5 26. Nd3 b3 27. Nxc5 bxa2+ 28. Ka1 dxc5 29. d6 Qb6 30. c3 Bf6 31. d7+ Kd8 32. Rg2 e4 33. Bf4 a3 34. Bxb8 Qxb8 35. bxa3 Qe5 36. Qb2 Qxc3 37. Qxc3 Bxc3+ 38. Kxa2 Bc4+ 39. Kb1 Ke7 40. Rc2 Rb8+ 41. Kc1 Bd3 42. Rxd3 exd3 43. Rxc3 d2+ 44. Kxd2 Rb5 45. Rd3 Kd8 46. Re3 Rb2+ 47. Kc3 1-0

[Event "Titled Tuesday intern op 28th Mar Late"]
[Site "Chess.com INT"]
[Date "2023.03.28"]
[Round "5"]
[White "Mazzilli, Piero"]
[Black "Zavortink, Matt B"]
[Result "1/2-1/2"]
[WhiteElo "2285"]
[BlackElo "2193"]
[PlyCount "98"]
[EventDate "2023.03.28"]
[EventType "swiss (blitz)"]
[EventRounds "11"]
[EventCountry "USA"]
[SourceTitle "EXT 2024"]
[Source "ChessBase"]
[SourceDate "2023.10.10"]
[SourceVersion "1"]
[SourceVersionDate "2023.10.10"]
[SourceQuality "1"]

1. e4 e6 2. Nc3 d5 3. Nf3 Nf6 4. e5 Nfd7 5. d4 c5 6. dxc5 Nc6 7. Bf4 Nxc5 8. Be2 Be7 9. 0-0 0-0 10. Bg3 Bd7 11. Re1 a6 12. a3 b5 13. Nd4 Qb6 14. Nxc6 Bxc6 15. Qd4 Na4 16. Qxb6 Nxb6 17. f4 Nc4 18. Bxc4 dxc4 19. Bf2 Rfd8 20. Red1 Rxd1+ 21. Rxd1 Kf8 22. Ne2 Ke8 23. Be3 a5 24. Nd4 Bd7 25. Ra1 Bc5 26. Kf2 Bxd4 27. Bxd4 Bc6 28. g3 Rd8 29. Ke3 Rd7 30. g4 Rb7 31. f5 g6 32. fxe6 fxe6 33. Rf1 Rf7 34. Rxf7 Kxf7 35. Kf4 h6 36. h4 b4 37. axb4 axb4 38. Bc5 Ba4 39. b3 cxb3 40. cxb3 Bxb3 41. Bxb4 Bd5 42. g5 h5 43. Ke3 Ke8 44. Kd4 Kd7 45. Kc5 Be4 46. Ba5 Bf5 47. Bb4 Bg4 48. Ba5 Bf5 49. Bb4 Bg4 1/2-1/2

[Event "Titled Tuesday intern op 08th Nov Early"]
[Site "Chess.com INT"]
[Date "2022.11.08"]
[Round "1"]
[White "Hernandez Gonzalez, William"]
[Black "Mazzilli, Piero"]
[Result "1-0"]
[WhiteElo "2474"]
[BlackElo "2285"]
[PlyCount "113"]
[EventDate "2022.11.08"]
[EventType "swiss (blitz)"]
[EventRounds "11"]
[EventCountry "USA"]
[SourceTitle "EXT 2024"]
[Source "ChessBase"]
[SourceDate "2023.10.10"]
[SourceVersion "1"]
[SourceVersionDate "2023.10.10"]
[SourceQuality "1"]

1. e4 c5 2. Nf3 d6 3. d4 cxd4 4. Nxd4 Nf6 5. Nc3 a6 6. Bg5 e6 7. f4 Be7 8. Qf3 Nbd7 9. 0-0-0 Qc7 10. g4 b5 11. Bxf6 Nxf6 12. g5 Nd7 13. f5 0-0 14. f6 gxf6 15. gxf6 Bxf6 16. e5 dxe5 17. Rg1+ Kh8 18. Bd3 exd4 19. Qe4 Bg5+ 20. Rxg5 f5 21. Qxd4+ e5 22. Qh4 Nf6 23. Bxf5 Bxf5 24. Rxf5 Qg7 25. Rg5 Qe7 26. Rdg1 b4 27. Ne4 Nxe4 28. Qxe4 Rg8 29. R5g4 Rxg4 30. Qxg4 Rf8 31. Kb1 Qf6 32. b3 a5 33. a4 h6 34. Qe4 Qf5 35. Qd5 Qf6 36. Qxa5 Qd6 37. Re1 Re8 38. Qb5 Qe6 39. Qxb4 Kh7 40. Qe4+ Qg6 41. Qxg6+ Kxg6 42. a5 Kf5 43. Kb2 Ra8 44. b4 e4 45. Kb3 Kf4 46. Ka4 e3 47. b5 Kf3 48. b6 Kf2 49. Rb1 e2 50. b7 Re8 51. a6 Re4+ 52. Ka5 Re5+ 53. Kb6 Re6+ 54. Ka7 Re7 55. Ka8 e1Q 56. Rxe1 Rxe1 57. b8Q 1-0

[Event "Titled Tuesday intern op 08th Nov Early"]
[Site "Chess.com INT"]
[Date "2022.11.08"]
[Round "5"]
[White "Kouskoutis, Georgios Alexandros"]
[Black "Mazzilli, Piero"]
[Result "1-0"]
[WhiteElo "2279"]
[BlackElo "2285"]
[PlyCount "75"]
[EventDate "2022.11.08"]
[EventType "swiss (blitz)"]
[EventRounds "11"]
[EventCountry "USA"]
[SourceTitle "EXT 2024"]
[Source "ChessBase"]
[SourceDate "2023.10.10"]
[SourceVersion "1"]
[SourceVersionDate "2023.10.10"]
[SourceQuality "1"]

1. Nf3 d5 2. g3 c6 3. Bg2 Nf6 4. 0-0 Bg4 5. b3 Nbd7 6. Bb2 a5 7. c4 e6 8. d3 a4 9. Nbd2 Be7 10. Qc2 0-0 11. e4 dxe4 12. dxe4 Nc5 13. Ne5 Be2 14. Rfe1 Bd3 15. Qc1 Qb6 16. b4 Qxb4 17. Ba3 Qb6 18. Bxc5 Bxc5 19. Nxd3 Bd4 20. Rb1 Qc7 21. e5 Ng4 22. Re4 Nxe5 23. Rxd4 Rfd8 24. Rxd8+ Rxd8 25. Nxe5 Qxe5 26. Nf3 Qc7 27. Qc2 a3 28. Rd1 Ra8 29. h4 h6 30. c5 Qa5 31. Qc4 Qa7 32. Kh2 b5 33. cxb6 Qxb6 34. Qd4 Qa6 35. Ne5 Qe2 36. Rd2 Qe1 37. Be4 Ra5 38. Qd8# 1-0

[Event "Titled Tuesday intern op 08th Nov Early"]
[Site "Chess.com INT"]
[Date "2022.11.08"]
[Round "7"]
[White "Mazzilli, Piero"]
[Black "Ladan, Nicholas John"]
[Result "1/2-1/2"]
[WhiteElo "2285"]
[BlackElo "2091"]
[PlyCount "137"]
[EventDate "2022.11.08"]
[EventType "swiss (blitz)"]
[EventRounds "11"]
[EventCountry "USA"]
[SourceTitle "EXT 2024"]
[Source "ChessBase"]
[SourceDate "2023.10.10"]
[SourceVersion "1"]
[SourceVersionDate "2023.10.10"]
[SourceQuality "1"]

1. e4 e5 2. Nf3 Nc6 3. Nc3 Nf6 4. d4 exd4 5. Nxd4 Bb4 6. Nxc6 bxc6 7. Bd3 0-0 8. 0-0 d5 9. exd5 cxd5 10. Bg5 c6 11. Qf3 h6 12. Bxf6 Qxf6 13. Qxf6 gxf6 14. Nd1 Bd6 15. Ne3 Rb8 16. b3 a5 17. a4 Be5 18. Rad1 Re8 19. Nf5 Bxf5 20. Bxf5 Bc3 21. Rd3 Bb4 22. Rg3+ Kf8 23. Rh3 Re5 24. Bd3 Kg7 25. Rg3+ Rg5 26. Rd1 Re8 27. f4 Rxg3 28. hxg3 Re3 29. Kh2 Be1 30. g4 Bg3+ 31. Kg1 Bxf4 32. Kf2 d4 33. Be2 Bg3+ 34. Kf1 c5 35. Rd3 Kg6 36. Rxe3 dxe3 37. Bf3 f5 38. gxf5+ Kxf5 39. Ke2 Bf4 40. Bc6 Kg4 41. Bb7 Kg3 42. Bc6 Bg5 43. Bb7 h5 44. Bc6 h4 45. Bb7 f5 46. Bc6 f4 47. Bb7 f3+ 48. Bxf3 h3 49. gxh3 Kxh3 50. Bd5 Kg3 51. Bc4 Kf4 52. Bd3 Ke5 53. Bb5 Kd4 54. Kd1 Kc3 55. Bc4 Bf6 56. Be2 Bd4 57. Bc4 Bf6 58. Be2 Bh4 59. Bc4 Bf2 60. Be2 Kd4 61. Bc4 Ke5 62. Be2 Kf4 63. Bc4 Kg3 64. Be2 Bg1 65. Bc4 Kf2 66. Be2 Bh2 67. Bc4 Bc7 68. Be2 Bb6 69. Bc4 1/2-1/2

[Event "Titled Tuesday intern op 08th Nov Early"]
[Site "Chess.com INT"]
[Date "2022.11.08"]
[Round "3"]
[White "Mazzilli, Piero"]
[Black "Schmidt, Tobias"]
[Result "1-0"]
[WhiteElo "2285"]
[BlackElo "2266"]
[PlyCount "109"]
[EventDate "2022.11.08"]
[EventType "swiss (blitz)"]
[EventRounds "11"]
[EventCountry "USA"]
[SourceTitle "EXT 2024"]
[Source "ChessBase"]
[SourceDate "2023.10.10"]
[SourceVersion "1"]
[SourceVersionDate "2023.10.10"]
[SourceQuality "1"]

1. e4 g5 2. d4 h6 3. h4 g4 4. Qxg4 d5 5. Qe2 dxe4 6. Qxe4 Nf6 7. Qd3 Nc6 8. Nf3 Bg4 9. c3 Qd7 10. Bf4 0-0-0 11. Ne5 Nxe5 12. Bxe5 Bf5 13. Qb5 Rg8 14. Bxf6 exf6 15. Qxd7+ Rxd7 16. Nd2 Bd6 17. g3 Re8+ 18. Kd1 a5 19. Bc4 c6 20. a4 Bc7 21. Rg1 Rde7 22. Nb3 Bg4+ 23. Kd2 Be2 24. Bd3 Bf3 25. Rae1 b6 26. Rxe7 Rxe7 27. Re1 Kd8 28. Rxe7 Kxe7 29. Nc1 Ke6 30. Ke3 Bd1 31. Be4 c5 32. dxc5 bxc5 33. b3 Be5 34. Kd2 Bg4 35. f4 Bc7 36. Nd3 Kd6 37. Nb2 Be6 38. Bc2 Bd5 39. Kd3 Be6 40. Nc4+ Kc6 41. Ne3 Bd7 42. Bd1 Kd6 43. Bg4 Bc6 44. c4 Bh1 45. Nf5+ Kc6 46. Nxh6 Bg2 47. Nxf7 Bf1+ 48. Kc3 Bg2 49. h5 Be4 50. f5 Bxg3 51. h6 Be1+ 52. Kb2 Bf2 53. h7 Bd4+ 54. Ka2 Bc2 55. h8Q 1-0

[Event "Titled Tuesday intern op 08th Nov Early"]
[Site "Chess.com INT"]
[Date "2022.11.08"]
[Round "6"]
[White "Mazzilli, Piero"]
[Black "Sernecki, Franciszek"]
[Result "1-0"]
[WhiteElo "2285"]
[BlackElo "2310"]
[PlyCount "51"]
[EventDate "2022.11.08"]
[EventType "swiss (blitz)"]
[EventRounds "11"]
[EventCountry "USA"]
[SourceTitle "EXT 2024"]
[Source "ChessBase"]
[SourceDate "2023.10.10"]
[SourceVersion "1"]
[SourceVersionDate "2023.10.10"]
[SourceQuality "1"]

1. e4 e6 2. Nf3 d5 3. Nc3 Bb4 4. exd5 exd5 5. d4 Nf6 6. Bd3 0-0 7. 0-0 Bg4 8. Bg5 c6 9. h3 Bh5 10. g4 Bg6 11. Ne5 Bxd3 12. Qxd3 h6 13. Bh4 g5 14. Bg3 Bxc3 15. bxc3 Nbd7 16. f3 Re8 17. Rfe1 Qa5 18. Re2 Re6 19. Rae1 Rae8 20. Nxd7 Nxd7 21. Rxe6 Rxe6 22. Rxe6 fxe6 23. Qg6+ Kh8 24. Qxh6+ Kg8 25. Qg6+ Kh8 26. Qe8+ 1-0

[Event "ITA-chTB 53rd"]
[Site "Montesilvano"]
[Date "2022.04.20"]
[Round "2.2"]
[White "Simoli, Sergio"]
[Black "Mazzilli, Piero"]
[Result "0-1"]
[WhiteElo "2262"]
[BlackElo "2296"]
[PlyCount "48"]
[EventDate "2022.04.19"]
[EventType "team-tourn"]
[EventRounds "7"]
[EventCountry "ITA"]
[SourceTitle "CBM 207 Extra"]
[Source "ChessBase"]
[SourceDate "2022.05.31"]
[SourceVersion "1"]
[SourceVersionDate "2022.05.31"]
[SourceQuality "1"]
[WhiteTeam "Il Grifone D’Arzignano"]
[BlackTeam "Palermitano CPS"]
[WhiteTeamCountry "ITA"]
[BlackTeamCountry "ITA"]

1. e4 c5 2. Nf3 d6 3. d4 cxd4 4. Nxd4 Nf6 5. Nc3 a6 6. Bc4 e6 7. Bb3 Be7 8. Be3 b5 9. Qe2 0-0 10. 0-0-0 Bd7 11. f3 b4 12. Nb1 Qc7 13. g4 Rc8 14. g5 Ne8 15. Rhg1 a5 16. a4 Na6 17. Nb5 Qb7 18. Bc4 Nc5 19. b3 Bxb5 20. axb5 a4 21. Kb2 axb3 22. Bxb3 Qa7 23. Bxc5 Rxc5 24. Kc1 Bxg5+ 0-1

[Event "ITA-chTA 51st"]
[Site "Brixen Bressanone"]
[Date "2019.04.29"]
[Round "6.3"]
[White "Mazzilli, Piero"]
[Black "Angelini, Marco"]
[Result "1-0"]
[WhiteElo "2327"]
[BlackElo "2229"]
[PlyCount "69"]
[EventDate "2019.04.26"]
[EventType "team-swiss"]
[EventRounds "7"]
[EventCountry "ITA"]
[SourceTitle "CBM 190 Extra"]
[Source "ChessBase"]
[SourceDate "2019.07.15"]
[SourceVersion "1"]
[SourceVersionDate "2019.07.15"]
[SourceQuality "1"]
[WhiteTeam "Informatica Commerciale"]
[BlackTeam "Novara Scacchistica"]
[WhiteTeamCountry "ITA"]
[BlackTeamCountry "ITA"]

1. e4 c5 2. Nf3 d6 3. d4 cxd4 4. Nxd4 Nf6 5. Nc3 a6 6. Be3 e5 7. Nb3 Be7 8. f3 Be6 9. Qd2 h5 10. Be2 Nbd7 11. Nd5 Nxd5 12. exd5 Bf5 13. c4 Qc7 14. 0-0 g6 15. a4 Nc5 16. Qc3 a5 17. f4 f6 18. Nxc5 dxc5 19. fxe5 fxe5 20. Bd3 Rf8 21. Bh6 Rf7 22. Rae1 0-0-0 23. Bxf5+ gxf5 24. Qxe5 Bd6 25. Qe6+ Kb8 26. h3 f4 27. Qg6 Rdd7 28. Re8+ Ka7 29. Qg8 f3 30. Rxf3 Rxf3 31. gxf3 Rh7 32. Ra8+ Kb6 33. Bd2 Rg7+ 34. Kf1 Rxg8 35. Bxa5# 1-0

[Event "ITA-chT 50th"]
[Site "Gallipoli"]
[Date "2018.04.28"]
[Round "3.6"]
[White "Mazzilli, Piero"]
[Black "Genocchio, Daniele"]
[Result "1/2-1/2"]
[WhiteElo "2358"]
[BlackElo "2385"]
[PlyCount "35"]
[EventDate "2018.04.27"]
[EventType "team-swiss"]
[EventRounds "7"]
[EventCountry "ITA"]
[SourceTitle "CBM 184 Extra"]
[Source "ChessBase"]
[SourceDate "2018.06.28"]
[SourceVersion "1"]
[SourceVersionDate "2018.06.28"]
[SourceQuality "1"]
[WhiteTeam "Informatica Commerciale"]
[BlackTeam "Conegliano"]
[WhiteTeamCountry "ITA"]
[BlackTeamCountry "ITA"]

1. d4 Nf6 2. Nf3 g6 3. c4 Bg7 4. Nc3 d6 5. e4 0-0 6. Be2 e5 7. dxe5 dxe5 8. Qxd8 Rxd8 9. Bg5 Re8 10. Nd5 Nxd5 11. cxd5 c6 12. Bc4 cxd5 13. Bxd5 Na6 14. 0-0-0 Nc7 15. Bb3 a5 16. a3 a4 17. Ba2 Be6 18. Bxe6 1/2-1/2

[Event "EU-Cup 31st"]
[Site "Skopje"]
[Date "2015.10.19"]
[Round "2.2"]
[White "Pilgaard, Kim"]
[Black "Mazzilli, Piero"]
[Result "1-0"]
[WhiteElo "2373"]
[BlackElo "2361"]
[PlyCount "111"]
[EventDate "2015.10.18"]
[EventType "team-swiss"]
[EventRounds "7"]
[EventCountry "MKD"]
[SourceTitle "CBM 169"]
[Source "ChessBase"]
[SourceDate "2015.11.10"]
[SourceVersion "1"]
[SourceVersionDate "2015.11.10"]
[SourceQuality "1"]
[WhiteTeam "Bronshoj"]
[BlackTeam "Palermitano Circolo"]
[WhiteTeamCountry "DEN"]
[BlackTeamCountry "ITA"]

1. d4 d5 2. c4 c6 3. Nf3 e6 4. Nc3 dxc4 5. a4 Bb4 6. e3 b5 7. Bd2 a5 8. axb5 Bxc3 9. Bxc3 cxb5 10. b3 Bb7 11. bxc4 b4 12. Bb2 Nf6 13. c5 0-0 14. Bb5 Bc6 15. Ba4 Bxa4 16. Qxa4 Qd5 17. 0-0 Nc6 18. Rfd1 Rfc8 19. Ne5 Qe4 20. Nc4 Qh4 21. Rd2 Rab8 22. Qb3 Ne4 23. Rc2 Qd8 24. f3 Nf6 25. Nd6 Rc7 26. e4 Ne8 27. d5 Nxd6 28. cxd6 Qxd6 29. Rac1 Rbc8 30. dxc6 Rxc6 31. Rxc6 Rxc6 32. Rxc6 Qxc6 33. Qd3 Qc7 34. Qb5 Kf8 35. Qe5 Qc2 36. Qd6+ Ke8 37. Bxg7 Qe2 38. Qf8+ Kd7 39. Qxf7+ Kd6 40. Bf8+ Ke5 41. Bg7+ Kd6 42. e5+ Kc5 43. h3 b3 44. Bf8+ Kd4 45. Qa7+ Kc3 46. Qxa5+ Kc2 47. Qc5+ Kb1 48. Qc3 Ka2 49. Qa5+ Kb1 50. Ba3 Qe3+ 51. Kh1 Kc2 52. Qc7+ Kd1 53. Bb2 h5 54. Qc3 Qxc3 55. Bxc3 Kc2 56. Bd4 1-0

[Event "ITA-chT 47th"]
[Site "Civitanova Marche"]
[Date "2015.04.30"]
[Round "3.3"]
[White "Cacco, Christian"]
[Black "Mazzilli, Piero"]
[Result "1-0"]
[WhiteElo "2337"]
[BlackElo "2353"]
[PlyCount "111"]
[EventDate "2015.04.29"]
[EventType "team-swiss"]
[EventRounds "7"]
[EventCountry "ITA"]
[SourceTitle "CBM 166 Extra"]
[Source "ChessBase"]
[SourceDate "2015.06.18"]
[SourceVersion "1"]
[SourceVersionDate "2015.06.18"]
[SourceQuality "1"]
[WhiteTeam "Arzignan"]
[BlackTeam "Palermo"]
[WhiteTeamCountry "ITA"]
[BlackTeamCountry "ITA"]

1. d4 Nf6 2. Nf3 e6 3. c4 b6 4. g3 Ba6 5. b3 Bb7 6. Bg2 Bb4+ 7. Bd2 a5 8. 0-0 0-0 9. a3 Bxd2 10. Qxd2 d6 11. Nc3 Nbd7 12. Qc2 Qe7 13. Rfd1 Rfc8 14. e4 e5 15. d5 c6 16. dxc6 Rxc6 17. Nd2 Nc5 18. Nd5 Nxd5 19. exd5 Rcc8 20. Bh3 Nd7 21. Qd3 Rf8 22. b4 Bc8 23. Qe3 f5 24. f4 Qf6 25. Rab1 axb4 26. axb4 exf4 27. gxf4 Kh8 28. Bg2 Qg6 29. Qe6 Rf6 30. Qe1 Rf8 31. Rb3 Nf6 32. Qf2 Qh6 33. Qxb6 Qxf4 34. Rf3 Qe5 35. Re3 Ne4 36. Nxe4 fxe4 37. Rxe4 Qg5 38. Qe3 Qh5 39. Re1 Bf5 40. Re7 Qh4 41. Qc3 Qg5 42. c5 Ra2 43. Qg3 Qf6 44. Kh1 h5 45. R7e2 Rxe2 46. Rxe2 h4 47. Qe3 Bd7 48. h3 Qa1+ 49. Kh2 Re8 50. Qf2 Rxe2 51. Qxe2 Qd4 52. c6 Qf4+ 53. Kh1 Bf5 54. b5 Qc1+ 55. Qf1 Qc2 56. Qe1 1-0

[Event "ITA-chT"]
[Site "Arvier"]
[Date "2012.04.30"]
[Round "5"]
[White "Garcia Palermo, Carlos H"]
[Black "Mazzilli, Piero"]
[Result "1-0"]
[WhiteElo "2479"]
[BlackElo "2340"]
[PlyCount "65"]
[EventDate "2012.04.27"]
[EventType "team-swiss"]
[EventRounds "7"]
[EventCountry "ITA"]
[SourceTitle "CBM 148 Extra"]
[Source "ChessBase"]
[SourceDate "2012.06.22"]
[SourceVersion "1"]
[SourceVersionDate "2012.06.22"]
[SourceQuality "1"]
[WhiteTeam "Chieti"]
[BlackTeam "Banca Nuova"]
[WhiteTeamCountry "ITA"]
[BlackTeamCountry "ITA"]

1. d4 d6 2. g3 g6 3. Bg2 Bg7 4. e4 e5 5. Ne2 Nc6 6. d5 Nce7 7. Nbc3 f5 8. f4 Nf6 9. exf5 gxf5 10. Be3 Ng6 11. Qd2 Ng4 12. 0-0-0 Nxe3 13. Qxe3 0-0 14. fxe5 dxe5 15. h4 f4 16. Qd3 Bg4 17. Bf3 e4 18. Qxe4 Re8 19. Bxg4 Rxe4 20. Nxe4 Bh6 21. Kb1 Kh8 22. h5 Ne5 23. Be6 fxg3 24. N2xg3 Nc4 25. Nf5 Qf8 26. d6 Nxd6 27. Nexd6 cxd6 28. Nxd6 Bf4 29. Nf7+ Kg7 30. Rdf1 Qb4 31. Rh4 Qe4 32. Rhxf4 Qxe6 33. Rg1+ 1-0